Quizzes
Events
Quiz Creation
Community
Videos
Private Events
Remove Ads
Sign In
Join for FREE
Feedback
Dark Mode
Quiz Categories
Sports
Geography
Music
Movies
Television
Just For Fun
Miscellaneous
History
Literature
Language
Science
Gaming
Entertainment
Religion
Holiday
For Kids
Quiz Lab
Recent
Popular Today
Quiz Kudos Today
Editor Picks
Curator Picks
Quizzes by...
Day
Popularity
Type
Ratings
Length
Year
Community
Subscriptions
Recent Discussions
Orange Saloon
Badges
Playlists
Quests
Create
Leaderboards
Showdown
Live 5
Trivia Bingo
Activity
Puzzle Library
Sporcle Events
Private Events
Virtual Trivia
Globe League
Become a Host
Pub Owners
SporcleCon
Opinionation
Our Games
Videos
Blog
Mobile Apps
Partnerships
Remove Ads and Go Orange
Feedback
Movies
Disney
Marvel Cinematic Universe
Movie Resume
Movie Titles
Oscar
Actor
Actress
Director
Pixar
Role
Movie Quotes
Movie Characters
Box Office
Nominee
Best Picture
Star Wars
James Bond
Horror Movies
Movies
Disney
Marvel Cinematic Universe
Movie Resume
Movie Titles
Oscar
Actor
Actress
Director
Pixar
Role
Movie Quotes
Movie Characters
Box Office
Nominee
Best Picture
Star Wars
James Bond
Horror Movies
Random Quiz
Search Sporcle
×
Quiz Lab
Quiz Lab
Movies
Worldwide
Type in answers that appear in a list
Type in answers that appear in a list
Classic
Best Score? Go Orange.
Box office top 50 films worldwide! Stats
Can you name the Box office top 50 films worldwide! ?
By
littledee92
9m
50 Questions
102 Plays
102 Plays
102 Plays
Comments
Comments
Give Quiz Kudos
Give Quiz Kudos
-
- Ratings
hide this ad
Replay
Link that replays current quiz
Next Quiz
Link to next quiz in quiz playlist
You Got
0%
They Got
Avg Score
60%
Avg Friend Score
Upgrade to see
Score Distribution
Jump to the score distribution portion of the page
Score
0/50
Timer
09:00
0
Plays Today
Characters include:
Name of film
% Correct
Jack Dawson, Rose DeWitt Bukater
Titanic
93.1%
Jake Sully, Neytiri
Avatar
91.2%
Fiona, Donkey
Shrek 2
89.2%
Mad hatter, white rabbit
Alice in wonderland
88.2%
Prince charming, Merlin
Shrek the third
84.3%
Everard Proudfoot, Sauron
The lord of the rings: the fellowship of the ring
83.3%
Simba, Scar
The lion king
83.3%
Legolas, Sam
The lord of the rings: return of the king
82.4%
Harry Osborn, May Parker
Spider man
82.4%
Will Turner, Davy Jones
Pirates of the caribbean: dead man's chest
81.4%
Harvey Dent, Alfred
The Dark Knight
81.4%
Hagrid, Neville Longbottom
Harry Potter and the philosopher's stone
81.4%
Jack Sparrow
Pirates of the caribbean: at world's end
81.4%
Mary Jane Watson, Sandman
Spider man 3
81.4%
Aldor, Peregrin Took
The lord of the rings: the two towers
80.4%
Andy, Rex, Hamm
Toy Story 3
79.4%
Dr Otto Octavius, John Jameson
Spider man 2
79.4%
Ginny Weasley, Dobby
Harry Potter and the chamber of secrets
78.4%
Sirius Black, Aunt Marge
Harry Potter and the prisoner of Azkaban
77.5%
Wormtail, Cedric Diggory
Harry Potter and the goblet of fire
75.5%
Fenrir Greyback, Horace Slughorn
Harry Potter and the half blood prince
72.5%
Nymphadora Tonks, Mrs Figg
Harry Potter and the order of the phoenix
68.6%
Han Solo, R2-
D2
Star wars: a new hope
68.6%
Jar Jar Binks, Yoda
Star wars: the phantom menace
67.6%
Marlin, Dory
Finding Nemo
67.6%
Characters include:
Name of film
% Correct
Elizabeth Swann, Barbossa
Pirates of the caribbean: the curse of the black pearl
67.6%
C-
3PO, Count Dooku
Star wars: revenge of the sith
63.7%
Obi-
Wan Kenobi, Jango Fett
Star wars: attack of the clones
61.8%
Elliot, Gertie
E.T
58.8%
Dr Alan Grant, Dr Ellie Sattler
Jurassic park
55.9%
Carl Fredricksen, Russel
Up
55.9%
Robert Langdon, Sophie Neveu
The Da vinci code
51%
Jenny Curran, Dan Taylor, 'Bubba' Blue
Forrest gump
51%
Jacob Black, Charlie Swan
New moon
50%
Sam Witwicky, Maggie Madsen
Transformers
48%
Riley, Victoria, Bella Swan
Eclipse
46.1%
White witch, Lucy Pevensie
The chronicles of Narnia
44.1%
Rumpelstiltskin, Puss in boots
Shrek forever after
44.1%
Po, Shifu, Tigress
Kung fu panda
41.2%
John Hancock, Matrix
Hancock
41.2%
Bob Parr, Helen Parr, Bomb Voyage
The incredibles
38.2%
Mikaela Banes, Leo Spitz
Transformers: revenge of the fallen
28.4%
Cobb, Robert Fischer, Yusuf
Inception
28.4%
Manny, Sid, Diego
Ice age: the meltdown
28.4%
Irina Spalko, Mutt Williams
Indiana Jones and the kingdom of the crystal skull
26.5%
Cole Sear, Malcolm Crowe
The sixth sense
26.5%
Scratte, Madison
Ice age: dawn of the dinosaurs
22.5%
David Levinson, Russel Casse
Independence day
22.5%
Kali, Soren, Vector
The Matrix reloaded
21.6%
Jackson Curtis, Charlie Frost
2012
9.8%
Quiz Playlist
Details
Report
Send in Message
Add To Playlist
Classic:
Type in answers that appear in a list
Last Updated: Feb 16, 2017
Quiz Scoreboard
CHALLENGE
Sign Up to Join the Scoreboard
Show All
Scores
Hide
Comments
May contain spoilers
Recently Published
College Basketball Coaching Resumes
by pancakes188
Sports
9m
Billboard Blitz: Fleetwood Mac
by CooCooCachoo
Music
15s
Presidents Visiting Landmarks
by Hejman
History
7m
More to Explore
Quiz From the Vault
Featured Blog Post
Where Did the Easter Bunny Come From?
hide this ad
You Might Also Like...
Tags
Box
Character
office
Released
Worldwide
Today's Top Quizzes in Movies
Browse Movies
hide this ad
Today's Top Quizzes in Worldwide
Browse Worldwide
Top Contributed Quizzes in Movies
1
Pick 5 Posters: Directed by Spielberg
2
7-to-1: Pixar Characters
3
Pick 5 Posters: Lowest-Rated Spielberg
4
Sorting Actors
5
Pick 5 Posters: Directed by Scorsese
6
Sorting Actresses
7
Pick 5 Posters: Star & Director
8
Pick 5 Posters: Women Directed 2020s
9
12 Movies about Fictional 1960s Events
10
Multi-Oscar Nominations, One Movie, One Winner
Explore More
Trending Topics
Harry Potter
Marvel
NBA
Disney
Crossword
Kpop
Anime
Song
Puzzle
The Office
NFL
Country
WWE
Pokémon
Soccer
hide this ad
More By:
littledee92
Quiz
Plays
Rating
Category
Featured
Created
Ultimate GLEE quiz!
20,571
3.58
Television
Jan 20, 2011
Ultimate FRIENDS trivia!
2,037
3.50
Television
Oct 14, 2010
Ultimate Toy Story trivia!
1,884
4.67
Movies
Oct 7, 2010
UK words vs. US
773
2.00
Language
Oct 12, 2010
Disney jumble
631
1.80
Just For Fun
Oct 11, 2010
Go to Creator's Profile
Score Distribution
Quiz Creator Spotlight
littledee92
Follow
Send a Message
Quizzes Created
-
Created Quiz Play Count
-
More By This Creator
Popular Quizzes Today
1
Find the US States - No Outlines Minefield
2
Find the Countries of Europe - No Outlines Minefield
3
The Countries of the World
4
Find the US States
5
Risky Map Clicking: Biggest States A-Z
6
US States
7
Popular People in 1961
8
Movies - When Are They Set?
More Movies Quizzes
25 More Famous Movie Directors on Set
Published
Trending Quizzes
Risky Map Clicking: Least Populous States A-Z
1-10 Letter G Words
1-10 Letter F Words
Risky Map Clicking: Next State Alphabetically
Risky Map Clicking: Biggest States A-Z
Recently Updated
Leaping Animals
pecheneg
Reality TV Shows (A-Z)
bhenderson79
Rickey Henderson's Hall of Fame Teammates
pecheneg
Champions League XIs: Arsenal
pecheneg
Quick Pick: Celebrities in WWE's Hall of Fame
aduchscher
A-Z Keypad Blitz II
pecheneg
Multiple Oscar Actors
pecheneg
Mystery Phrase Blitz: Oscar 'Best Actors'
pecheneg
F. Scott Fitzgerald Novels
LTH
Pick 3 Villains
ddd62291
Trending Topics
Marvel
Crossword
NBA
Anime
Harry Potter
Kpop
Disney
WWE
NFL
The Office
Country
Soccer
Pokémon
Puzzle
Song
Your Account Isn't Verified!
In order to create a playlist on Sporcle, you need to verify the email address you used during registration. Go to your
Sporcle Settings
to finish the process.
Report this User
Report this user for behavior that violates our
Community Guidelines
.
Details:
Send Report
Go to the Sporcle.com Mobile Site →
Comments